[Event "Mecklenburg VP U14"]
[Site "Malchow"]
[Date "2016.02.02"]
[Round "2.3"]
[White "Petrow, Jonas"]
[Black "Stadach, Pepe"]
[Result "1/2-1/2"]
[WhiteElo "1437"]
[BlackElo "1240"]
[PlyCount "56"]
[EventDate "2016.02.02"]
[EventType "swiss"]
[EventRounds "7"]
[EventCountry "GER"]
[SourceTitle "EXT 2024"]
[Source "ChessBase"]
[SourceDate "2023.10.10"]
[SourceVersion "1"]
[SourceVersionDate "2023.10.10"]
[SourceQuality "1"]

1. d4 d5 2. c4 e6 3. Nc3 Nf6 4. Nf3 Nc6 5. Bg5 Be7 6. e3 0-0 7. Bd3 b6 8. 0-0 Bb7 9. Qc2 Nb4 10. Qe2 Nxd3 11. Qxd3 c5 12. dxc5 bxc5 13. cxd5 Nxd5 14. Bxe7 Qxe7 15. Rac1 Rac8 16. b3 Rfd8 17. Qe2 Rc6 18. Ne5 Rcd6 19. Ne4 Ba6 20. Nc4 R6d7 21. Rfe1 Nb4 22. Rc3 f5 23. Ng3 Rd2 24. Qxd2 Rxd2 25. Nxd2 Nxa2 26. Rc2 Nb4 27. Rc3 Qd6 28. Nf3 Bb7 1/2-1/2

[Event "Mecklenburg VP-ch U12"]
[Site "Malchow"]
[Date "2014.02.03"]
[Round "4"]
[White "Petrow, Jonas"]
[Black "Stadach, Pepe"]
[Result "1-0"]
[WhiteElo "1172"]
[BlackElo "1142"]
[PlyCount "97"]
[EventDate "2014.02.01"]
[EventType "swiss"]
[EventRounds "7"]
[EventCountry "GER"]
[SourceTitle "EXT 2017"]
[Source "ChessBase"]
[SourceDate "2016.10.25"]
[SourceVersion "1"]
[SourceVersionDate "2016.10.25"]
[SourceQuality "1"]

1. d4 d5 2. e3 Nf6 3. Bd3 Nc6 4. f4 e6 5. Nd2 Bd6 6. c3 Bd7 7. Ngf3 Qe7 8. 0-0 0-0 9. Ne5 Rfe8 10. Ndf3 g6 11. Bd2 Rad8 12. Be1 Qf8 13. Bh4 Be7 14. Ng5 Nxe5 15. fxe5 Ne4 16. Rxf7 Qh6 17. Rxh7 Qf8 18. Nxe4 Kxh7 19. Nf6+ Bxf6 20. exf6 Rb8 21. Bxg6+ Kxg6 22. Qg4+ Kh7 23. Qh5+ Qh6 24. Qf7+ Kh8 25. Qxd7 Qxe3+ 26. Kh1 Qh6 27. f7 Rf8 28. Be7 Rxf7 29. Qxc7 Re8 30. Qe5+ Qg7 31. Qh5+ Kg8 32. Bg5 Qh7 33. Qe2 Qf5 34. Bh4 Ref8 35. h3 Qf4 36. Qe1 Qe4 37. Kh2 Qxe1 38. Rxe1 Re8 39. g4 b5 40. a3 Rc7 41. Bg3 Rc4 42. h4 a5 43. Bd6 Kf7 44. Kg3 Rc6 45. Bc5 Kg6 46. h5+ Kg5 47. Re5+ Kh6 48. Kh4 Rc7 49. g5+ 1-0

[Event "Mecklenburg VP-ch U12"]
[Site "Malchow"]
[Date "2014.02.03"]
[Round "5"]
[White "Stadach, Pepe"]
[Black "Schulte, Felix"]
[Result "0-1"]
[WhiteElo "1142"]
[BlackElo "859"]
[PlyCount "74"]
[EventDate "2014.02.01"]
[EventType "swiss"]
[EventRounds "7"]
[EventCountry "GER"]
[SourceTitle "EXT 2017"]
[Source "ChessBase"]
[SourceDate "2016.10.25"]
[SourceVersion "1"]
[SourceVersionDate "2016.10.25"]
[SourceQuality "1"]

1. e4 e5 2. Nf3 Nc6 3. Bc4 Bc5 4. Nc3 Nf6 5. d3 h6 6. Be3 Bb6 7. 0-0 d6 8. h3 Be6 9. Bb3 0-0 10. Qd2 Kh7 11. Nd5 Re8 12. Nxf6+ Qxf6 13. Bxe6 fxe6 14. Qe1 Nd4 15. Nxd4 Bxd4 16. c3 Bb6 17. Rd1 c5 18. a3 a5 19. Qd2 Red8 20. d4 exd4 21. cxd4 cxd4 22. Bxd4 Bxd4 23. Qxd4 e5 24. Qd5 b6 25. Qc6 Rab8 26. Rd2 Rdc8 27. Qd7 Rd8 28. Qa7 Qg6 29. f3 Qf6 30. Rfd1 Qg6 31. Qc7 Rf8 32. Rxd6 Qg3 33. Rxh6+ Kxh6 34. Rd6+ Kh7 35. Qc3 Rbc8 36. Qe3 Rc2 37. Rd2 Rc1+ 0-1